000 00540nam a2200205Ia 4500
003 GCL
008 140319s9999 xx 000 0 eng d
040 _aGCL /
_cGCL
082 0 4 _a928
_bN R
100 1 _aNEHRU, JAWAHARLAL
245 1 0 _aRABINDRANATH TAGORE 1861 - 1961 /
_cNEHRU, JAWAHARLAL
260 _a[S.N] :
_bSAHITYA AKADEMI ،
_c1992
300 _a531 P
650 0 4 _aLITERATURE - BIOGRAPHY
650 0 4 _aTAGORE
650 0 4 _aINDIAN LITERATURE
650 0 4 _aBIOGRAPHIES
650 0 4 _aPERSON IN LITERATURE
942 _2ddc
_cBK
999 _c15469
_d15469